Tu marido, ese desconocido / (Record no. 86936)

MARC details
000 -LEADER
campo de control de longitud fija 00655nam a2200205 i 4500
001 - NÚMERO DE CONTROL
campo de control 86936
003 - IDENTIFICADOR DE NÚMERO DE CONTROL
campo de control ES-MaACL
005 - FECHA Y HORA DE LA ÚLTIMA TRANSACCIÓN
campo de control 20230906175544.0
007 - CAMPO FIJO DE DESCRIPCIÓN FÍSICA--INFORMACIÓN GENERAL
campo de control de longitud fija t|
008 - DATOS DE LONGITUD FIJA--INFORMACIÓN GENERAL
campo de control de longitud fija 041216s1969 sp ||||1| spa d
100 1# - ENTRADA PRINCIPAL--NOMBRE DE PERSONA
Nombre de persona Kolle, Oswalt.
9 (RLIN) 68519
245 10 - MENCIÓN DEL TÍTULO
Título Tu marido, ese desconocido /
Mención de responsabilidad, etc. Oswalt Kolle ; fotografías de Gido Mangold ; [traducción, Aurora Martí y Frederik Koning].
250 ## - MENCION DE EDICION
Mención de edición [1ª ed.].
260 ## - PUBLICACIÓN, DISTRIBUCIÓN, ETC.
Lugar de publicación, distribución, etc. Barcelona :
Nombre del editor, distribuidor, etc. Bruguera,
Fecha de publicación, distribución, etc. [1969]
300 ## - DESCRIPCIÓN FÍSICA
Extensión 191 p., 20 lám. ;
Dimensiones 25 cm.
700 1# - ENTRADA AGREGADA--NOMBRE PERSONAL
Nombre de persona Mangold, Guido.
9 (RLIN) 76016
700 1# - ENTRADA AGREGADA--NOMBRE PERSONAL
Nombre de persona Martí, Aurora M.
9 (RLIN) 77181
700 1# - ENTRADA AGREGADA--NOMBRE PERSONAL
Nombre de persona Koning, Frederik.
9 (RLIN) 68558
852 ## - LOCALIZACIÓN
Ubicación ES-MaACL
Número de control de estantería C-42352
Sublocalización o colección R.69730
Holdings
Estatus retirado Estado de pérdida Estado de daño No para préstamo Biblioteca de origen Biblioteca actual Ubicación en estantería Fecha de adquisición Fuente de adquisición Total de préstamos Signatura topográfica completa Código de barras Visto por última vez Precio de reemplazo Tipo de ítem Koha
        Biblioteca del Ateneo de Madrid Biblioteca del Ateneo de Madrid Depósito 2 17/01/2008     C-42352 1090833 23/02/2023 23/02/2023 Libro impreso